00831nam a2200217 i 4500001000700000003000900007007000300016008004100019020001800060100003500078245010800113250001500221260003500236300003000271490004600301650004000347830005400387852003200441999001900473952012100492130508ES-MaACLt|070731s1985 sp ||||1| spa d a84-320-5835-11 aZaragoza, Cristóbal.911802810aActa de defunción b: una reflexión sobre la violencia de los españoles / cCristóbal Zaragoza. a[1ª ed.]. aBarcelona : bPlaneta, c1985. a185 p. : bil. ; c24 cm.1 aEspejo de España. Serie La guerra civil14aViolencia-zEspaña-yS.XX.9178160 aEspejo de España. Serie La guerra civil9226567 aES-MaACLjL-7727 bR.108335 c130508d130508 00104070aATENEOMbATENEOMcDEPO2d2008-01-17eSCl0oL-7727p1135885r2023-02-23 00:00:00w2023-02-23yMONOGRAFIA